[Event "Rhein Main op-B 25th"]
[Site "Bad Homburg"]
[Date "2023.06.10"]
[Round "6"]
[White "Krombach, Karl Heinz"]
[Black "Bruno, Claudio"]
[Result "1/2-1/2"]
[WhiteElo "1869"]
[BlackElo "1550"]
[PlyCount "78"]
[EventDate "2023.06.07"]
[EventType "swiss"]
[EventRounds "7"]
[EventCountry "GER"]
[SourceTitle "CBM 215 Extra"]
[Source "ChessBase"]
[SourceDate "2023.09.30"]
[SourceVersion "1"]
[SourceVersionDate "2023.09.30"]
[SourceQuality "1"]

1. d4 d5 2. c4 e6 3. Nc3 Nf6 4. Nf3 Be7 5. Bf4 0-0 6. h3 b6 7. cxd5 Nxd5 8. Nxd5 Qxd5 9. e3 Bb4+ 10. Nd2 Bd6 11. Bxd6 cxd6 12. Qf3 Qxf3 13. Nxf3 Ba6 14. Kd2 Rc8 15. Bxa6 Nxa6 16. Rac1 Nb4 17. a3 Nc6 18. Rc3 Ne7 19. Rhc1 Rxc3 20. Rxc3 Rc8 21. Rxc8+ Nxc8 22. Kc3 Kf8 23. Kc4 a6 24. a4 Ke7 25. d5 h6 26. Nd4 Na7 27. b4 Kd7 28. e4 g6 29. f4 e5 30. fxe5 dxe5 31. Nf3 Kd6 32. g4 b5+ 33. axb5 axb5+ 34. Kc3 Nc8 35. Ne1 Ke7 36. Kd3 Nd6 37. Nf3 f6 38. h4 g5 39. hxg5 hxg5 1/2-1/2

[Event "Rhein Main op-B 25th"]
[Site "Bad Homburg"]
[Date "2023.06.08"]
[Round "3"]
[White "Hasenpflug, Till"]
[Black "Bruno, Claudio"]
[Result "1/2-1/2"]
[WhiteElo "1370"]
[BlackElo "1550"]
[PlyCount "107"]
[EventDate "2023.06.07"]
[EventType "swiss"]
[EventRounds "7"]
[EventCountry "GER"]
[SourceTitle "CBM 215 Extra"]
[Source "ChessBase"]
[SourceDate "2023.09.30"]
[SourceVersion "1"]
[SourceVersionDate "2023.09.30"]
[SourceQuality "1"]

1. e4 c5 2. Nf3 Nc6 3. d4 cxd4 4. Nxd4 g6 5. Nc3 Bg7 6. Be3 d6 7. h3 Nf6 8. Bc4 0-0 9. 0-0 Bd7 10. Qd2 Rc8 11. Bb3 a6 12. a4 Re8 13. Rad1 Ne5 14. Rfe1 Nc4 15. Bxc4 Rxc4 16. b3 Rc8 17. Nce2 Nxe4 18. Qb4 Qc7 19. c4 Nc5 20. Nf4 Bc6 21. Nxc6 Qxc6 22. Nd5 e6 23. Nf4 Red8 24. Re2 Ne4 25. Rc1 Nf6 26. Rec2 Bf8 27. Qd2 Ne4 28. Qe2 a5 29. Bd2 b6 30. Be3 Nc5 31. Bxc5 dxc5 32. Nd3 Bg7 33. Rd1 Rd4 34. Rcd2 Rcd8 35. Ne1 Rxd2 36. Rxd2 Rxd2 37. Qxd2 Bd4 38. Nf3 Qe4 39. Kh2 Kg7 40. h4 h6 41. Kg1 Bf6 42. Qd1 Bd4 43. Qd2 f5 44. Kh2 f4 45. Kg1 Kf6 46. Qd1 Kf5 47. Nh2 Kf6 48. Nf3 e5 49. Nh2 Qf5 50. Nf3 Qd7 51. Qe2 Qf5 52. Qd1 Qg4 53. Qd3 Qf5 54. Qd1 1/2-1/2

[Event "Rhein Main op-A 19th"]
[Site "Bad Homburg"]
[Date "2016.05.28"]
[Round "6"]
[White "Bruno, Claudio"]
[Black "Baudrexel, Simon"]
[Result "0-1"]
[WhiteElo "1811"]
[BlackElo "2007"]
[PlyCount "50"]
[EventDate "2016.05.25"]
[EventType "swiss"]
[EventRounds "7"]
[EventCountry "GER"]
[SourceTitle "EXT 2017"]
[Source "ChessBase"]
[SourceDate "2016.10.25"]
[SourceVersion "1"]
[SourceVersionDate "2016.10.25"]
[SourceQuality "1"]

1. d4 d5 2. Bf4 e6 3. Nf3 Nd7 4. e3 Ne7 5. c4 Ng6 6. Bg3 c6 7. Nc3 Be7 8. Bd3 a6 9. 0-0 0-0 10. Qe2 Bf6 11. b4 Qe7 12. Rac1 Qxb4 13. cxd5 exd5 14. Bf5 Re8 15. Rc2 Ngf8 16. Rb1 Qa5 17. Qd3 b5 18. e4 Nb6 19. exd5 Nxd5 20. Nxd5 cxd5 21. Rbc1 Be6 22. Ne5 Bxe5 23. Bxe5 Bxf5 24. Qxf5 f6 25. Bc7 Re1+ 0-1

[Event "Rhein Main op-A 19th"]
[Site "Bad Homburg"]
[Date "2016.05.26"]
[Round "2"]
[White "Goebel, Andreas"]
[Black "Bruno, Claudio"]
[Result "1/2-1/2"]
[WhiteElo "1980"]
[BlackElo "1811"]
[PlyCount "45"]
[EventDate "2016.05.25"]
[EventType "swiss"]
[EventRounds "7"]
[EventCountry "GER"]
[SourceTitle "EXT 2017"]
[Source "ChessBase"]
[SourceDate "2016.10.25"]
[SourceVersion "1"]
[SourceVersionDate "2016.10.25"]
[SourceQuality "1"]

1. d4 d5 2. c4 c6 3. e3 Nf6 4. Nc3 g6 5. Nf3 Bg7 6. Bd3 0-0 7. 0-0 Nbd7 8. b4 Re8 9. Qb3 Nb6 10. Ne5 dxc4 11. Nxc4 Be6 12. Bb2 Nxc4 13. Bxc4 Bxc4 14. Qxc4 Nd5 15. Rfd1 Nxc3 16. Qxc3 Qd5 17. f4 Qe4 18. Qd3 Qxd3 19. Rxd3 Red8 20. Rb3 e6 21. a4 Rac8 22. Rc1 Bf8 23. Kf2 1/2-1/2

[Event "Rhein Main op-A 18th"]
[Site "Bad Homburg"]
[Date "2015.06.04"]
[Round "2"]
[White "Bruno, Claudio"]
[Black "Marchese, Gaspare"]
[Result "1/2-1/2"]
[WhiteElo "1766"]
[BlackElo "1962"]
[PlyCount "45"]
[EventDate "2015.06.03"]
[EventType "swiss"]
[EventRounds "7"]
[EventCountry "GER"]
[SourceTitle "CBM 167 Extra"]
[Source "ChessBase"]
[SourceDate "2015.09.14"]
[SourceVersion "1"]
[SourceVersionDate "2015.09.14"]
[SourceQuality "1"]

1. d4 Nf6 2. Bf4 g6 3. e3 Bg7 4. Nf3 0-0 5. h3 d6 6. Be2 b6 7. 0-0 Bb7 8. c4 e6 9. Nc3 Nbd7 10. a4 a5 11. Qc2 Nb8 12. Nb5 Na6 13. Rfd1 Nb4 14. Qb3 Nd7 15. Rac1 Qc8 16. Ne1 e5 17. Bg3 Re8 18. Bg4 f5 19. Bf3 Kh8 20. Bxb7 Qxb7 21. Nc2 Na6 22. Rd2 Nf6 23. Bh2 1/2-1/2

[Event "Rhein Main op-A 18th"]
[Site "Bad Homburg"]
[Date "2015.06.03"]
[Round "1"]
[White "Biegel, Thomas"]
[Black "Bruno, Claudio"]
[Result "1-0"]
[WhiteElo "2053"]
[BlackElo "1766"]
[PlyCount "83"]
[EventDate "2015.06.03"]
[EventType "swiss"]
[EventRounds "7"]
[EventCountry "GER"]
[SourceTitle "CBM 167 Extra"]
[Source "ChessBase"]
[SourceDate "2015.09.14"]
[SourceVersion "1"]
[SourceVersionDate "2015.09.14"]
[SourceQuality "1"]

1. Nf3 d5 2. c4 c6 3. e3 Nf6 4. Nc3 a6 5. b3 Bf5 6. Bb2 e6 7. Be2 b5 8. Nh4 Bg6 9. 0-0 Be7 10. f4 Nbd7 11. cxd5 cxd5 12. f5 exf5 13. Nxf5 0-0 14. Nxe7+ Qxe7 15. Bf3 Qd6 16. Ne2 Bd3 17. Re1 Rac8 18. Nf4 Be4 19. Rc1 Ne5 20. Be2 Nc6 21. d3 Bg6 22. Bxf6 gxf6 23. Qd2 Ne7 24. Bf3 Rfe8 25. g3 Bf5 26. Qg2 Rxc1 27. Rxc1 Ng6 28. Qd2 Nxf4 29. gxf4 Kh8 30. Kf2 Qf8 31. Bxd5 Qh6 32. e4 Qxh2+ 33. Ke3 Qh3+ 34. Kd4 Be6 35. Bc6 Rd8+ 36. Kc3 Rc8 37. Kb2 Rg8 38. Rc2 Rg1 39. f5 Bc8 40. Bd5 Kg7 41. Qf2 b4 42. Qxg1+ 1-0

[Event "Rhein Main op 13th"]
[Site "Bad Homburg"]
[Date "2010.06.06"]
[Round "7"]
[White "Faysal, Wasim"]
[Black "Bruno, Claudio"]
[Result "1/2-1/2"]
[WhiteElo "1692"]
[BlackElo "1771"]
[PlyCount "79"]
[EventDate "2010.06.02"]
[EventType "swiss"]
[EventRounds "7"]
[EventCountry "GER"]
[SourceTitle "EXT 2011"]
[Source "ChessBase"]
[SourceDate "2010.11.26"]
[SourceVersion "1"]
[SourceVersionDate "2010.11.26"]
[SourceQuality "1"]

1. e4 c5 2. d4 cxd4 3. Nf3 g6 4. Nxd4 Bg7 5. Nc3 d6 6. Be3 Nf6 7. a3 a6 8. Be2 Nc6 9. Qd2 h6 10. 0-0 Nxd4 11. Bxd4 0-0 12. Bxf6 Bxf6 13. Qxh6 Qb6 14. Rab1 Qc5 15. Nd5 Qxc2 16. Nxf6+ exf6 17. Qe3 Re8 18. Bd3 Qb3 19. Qg3 Be6 20. h4 d5 21. exd5 Qxd5 22. Bxg6 fxg6 23. Qxg6+ Kf8 24. Qxf6+ Bf7 25. Qh8+ Bg8 26. Rbd1 Qf5 27. Qh6+ Kf7 28. Rd4 Re4 29. Rfd1 Rae8 30. Rd7+ R8e7 31. Rxe7+ Rxe7 32. Rd8 Re8 33. Rxe8 Kxe8 34. Qe3+ Kf8 35. Qb6 Bd5 36. Qd8+ Kg7 37. Qg5+ Qxg5 38. hxg5 Kg6 39. f4 Kf5 40. Kf2 1/2-1/2